000 01011nam a22003131 4500
001 22732
003 CZ PrNK
005 20260421162340.0
008 000207s1980 xo a c 000 1 slo
040 _aABA001
_bcze
_cABA001
_dABA001
041 1 _aslo
_hbul
072 7 _a821.163
_xJihoslovanské literatury
_2Konspekt
080 _a821-93
_2MRF
080 _a(0:82-311.6)
_2MRF
080 _a821.163.2-31
_2MRF
100 1 _aKaraslavov, Slav Christo,
_d1932-2002
_4aut
245 1 0 _aKronika o Hadžim Dimitrovi /
_cSlav Christov Karaslavov ; [preložil Milan Topoľský ; ilustr. Běla Kolčáková]
250 _a1. vyd.
260 _aBratislava :
_bMladé letá,
_c1980
300 _a222 s. :
_bil.
500 _aPřeloženo z bulharštiny
521 1 _aPre čitatelov od 11 rokov
655 7 _abulharské romány
_2czenas
655 7 _ahistorické romány
_2czenas
655 7 _apublikace pro mládež
_2czenas
765 0 _tChronika za Chadži Dimitar
910 _aABA001
942 _2ddc
_cKLDE
_n0
999 _c22732
_d22732